000 00577nam a2200181Ia 4500
008 100921s9999 xx 000 0 und d
082 _b25968
_a891.463 थ 94
100 _aखिरे जयश्री.
245 _aमोतिया.
260 _bदिलिपराज प्रकाशन,पुणे.
_c1994
300 _a139
_bरसिक साहित्य,पुणे
365 _b75
520 _aललित-कथा.
630 _aमोतिया.
650 _aललित-कथा.
730 _aमोतिया.
942 _cBOOK
999 _c775081
_d775078